Länder mit deutschen Muttersprachlern - Statistiken

Allgemein
  • Dieses Quiz wurde 156 mal gespielt
  • Das Durchschnittsergebnis liegt bei 14 aus 20
Antwortstatistiken
Rang Land % Korrekt
2 Österreich
100%
3 Schweiz
100%
1 Deutschland
99%
11 Belgien
93%
19 Luxemburg
89%
9 Polen
88%
17 Dänemark
85%
16 Liechtenstein
85%
5 Vereinigte Staaten von Amerika
83%
10 Italien
82%
15 Tschechien
81%
4 Russland
73%
8 Kanada
72%
13 Ungarn
65%
6 Brasilien
61%
12 Rumänien
50%
18 Namibia
43%
7 Kasachstan
22%
14 Paraguay
17%
20 Belize
3%
Keine übereinstimmenden Quizze gefunden
Verteilung der Resultate
Anzahl Personen mit jedem Resultat
Perzentil nach korrekt beantworteten Fragen
Ihre Resultats-Entwicklung
Sie haben dieses Quiz noch nicht gespielt